[Event "Veterans Bdr 2016"]
[Site "Aubagne"]
[Date "2016.12.05"]
[Round "2.11"]
[White "Reynaud, Jacques"]
[Black "Cotton, Paul"]
[Result "1-0"]
[WhiteElo "1315"]
[BlackElo "1454"]
[PlyCount "123"]
[EventDate "2016.??.??"]

1. Nf3 Nf6 2. d4 g6 3. Bf4 Bg7 4. e3 d6 5. h3 O-O 6. Bd3 Nbd7 7. O-O c5 8. Nbd2
a6 9. Rb1 b5 10. c4 b4 11. Qa4 Bb7 12. d5 Nb6 13. Qc2 Bc8 14. e4 e5 15. dxe6
Bxe6 16. Rfe1 Re8 17. Rbd1 Ra7 18. e5 dxe5 19. Nxe5 Qc8 20. g4 Rae7 21. Ndf3
Nfd7 22. Re3 Nxe5 23. Nxe5 Nd7 24. Nf3 a5 25. Bd6 Bh6 26. g5 Bg7 27. Bxe7 Rxe7
28. Rde1 Nb8 29. Nh2 Nc6 30. Qc1 Kf8 31. Bf1 Qc7 32. Ng4 Bxg4 33. hxg4 Be5 34.
Qc2 Qd7 35. Qd1 Qb7 36. Bg2 Rd7 37. Bxc6 Rxd1 38. Bxb7 Rxe1+ 39. Rxe1 Bxb2 40.
f4 Bc3 41. Re2 a4 42. Be4 a3 43. Bc2 Kg7 44. f5 h6 45. gxh6+ Kxh6 46. Kg2 Kg5
47. Kf3 Kf6 48. Ke4 Bd4 49. Kd5 Kg5 50. fxg6 fxg6 51. Re6 Kxg4 52. Rxg6+ Kh5
53. Rc6 Kg5 54. Rxc5 Bxc5 55. Kxc5 Kf6 56. Kxb4 Ke6 57. Kb5 Kd6 58. Kb6 Kd7 59.
Bf5+ Kd8 60. Kb7 Ke7 61. c5 Kd8 62. c6 1-0

[Event "Veterans Bdr 2016"]
[Site "Aubagne"]
[Date "2016.12.05"]
[Round "2.12"]
[White "Rouaud, Robert"]
[Black "Frontera, Pierre"]
[Result "1-0"]
[WhiteElo "1442"]
[BlackElo "1230"]
[PlyCount "69"]
[EventDate "2016.??.??"]

1. e4 e5 2. Nf3 Nc6 3. Bc4 h6 4. d3 Nf6 5. Nc3 Be7 6. Be3 a6 7. h3 O-O 8. a3
Rb8 9. O-O b5 10. Bb3 d6 11. Nd5 Nxd5 12. Bxd5 Bb7 13. d4 Na5 14. dxe5 Bxd5 15.
exd5 c5 16. dxc6 Nxc6 17. exd6 Bxd6 18. Qd3 Qf6 19. c3 Ne5 20. Nxe5 Qxe5 21. g3
Rbd8 22. Bd4 Qd5 23. Rac1 Be5 24. Rfd1 f5 25. f4 Bc7 26. Rd2 Qb7 27. Rcd1 Bb6
28. Qf1 g5 29. Qg2 Qc7 30. Qf2 Bxd4 31. Rxd4 Kh7 32. R1d3 gxf4 33. gxf4 Rg8+
34. Kf1 Qb6 35. Rd7+ 1-0

[Event "Veterans Bdr 2016"]
[Site "Aubagne"]
[Date "2016.12.05"]
[Round "2.13"]
[White "Perdiolat, Francis"]
[Black "Masson, Wally"]
[Result "1-0"]
[WhiteElo "1407"]
[BlackElo "1189"]
[PlyCount "67"]
[EventDate "2016.??.??"]

1. e4 e5 2. Bc4 Nf6 3. d3 d5 4. exd5 Nxd5 5. Nf3 Nc6 6. O-O Bc5 7. c3 O-O 8. b4
Be7 9. Re1 Bg4 10. Bb2 Bf6 11. Nbd2 Re8 12. Qb3 Nce7 13. Nxe5 Be6 14. Nef3 c6
15. Ne4 b5 16. Bxd5 Bxd5 17. Nxf6+ gxf6 18. Qd1 Kh8 19. a4 Rg8 20. axb5 cxb5
21. Ra6 Nf5 22. Kf1 Qc8 23. Rxf6 Qd7 24. c4 bxc4 25. Rd6+ Ng7 26. Rxd7 Be6 27.
Rc7 Rac8 28. Rxc8 Rxc8 29. Ng5 cxd3 30. Nxe6 fxe6 31. Rxe6 Rd8 32. Qg4 Rg8 33.
Re8 d2 34. Qxg7# 1-0

[Event "Veterans Bdr 2016"]
[Site "Aubagne"]
[Date "2016.12.05"]
[Round "2.14"]
[White "Autouard, Jean-Luc"]
[Black "Blondelon, Claude"]
[Result "0-1"]
[WhiteElo "1378"]
[BlackElo "1315"]
[PlyCount "74"]
[EventDate "2016.??.??"]

1. e4 e6 2. d4 c5 3. c3 cxd4 4. cxd4 d5 5. e5 Nc6 6. Nf3 Nge7 7. Bb5 Bd7 8. O-O
Qb6 9. Nc3 Nxe5 10. Bxd7+ Nxd7 11. Rb1 Nf5 12. Re1 Be7 13. Ne2 Qd8 14. Nf4 O-O
15. g3 Nd6 16. Qd2 Ne4 17. Qe3 Rc8 18. Nh5 Rc6 19. Ne5 Nxe5 20. dxe5 a6 21. f3
Bc5 22. fxe4 Bxe3+ 23. Bxe3 dxe4 24. Rbd1 Qc8 25. Bd4 Re8 26. Bc3 Rd8 27. Rc1
Rc4 28. Nf4 Rd7 29. Ne2 Rdc7 30. Nd4 Rxd4 31. Kf2 Rdc4 32. Re2 Rd7 33. Rec2 Rd3
34. Ke2 Qc5 35. Kf1 Rf3+ 36. Kg2 Qc6 37. b3 Rcxc3 0-1

[Event "Veterans Bdr 2016"]
[Site "Aubagne"]
[Date "2016.12.05"]
[Round "2.15"]
[White "San-Nicolas, Robert"]
[Black "Moerenhout, Jean Claude"]
[Result "1-0"]
[WhiteElo "1371"]
[BlackElo "1289"]
[PlyCount "131"]
[EventDate "2016.??.??"]

1. d4 Nf6 2. c4 e5 3. d5 Bc5 4. Nc3 d6 5. e4 Ng4 6. Nh3 O-O 7. f3 Nf6 8. Nf2 a6
9. Bd3 Bxf2+ 10. Kxf2 c6 11. Qc2 Nh5 12. g3 Bh3 13. Be3 c5 14. a3 b6 15. b4 Nd7
16. b5 a5 17. Na4 Rb8 18. Rag1 Ndf6 19. g4 Nxg4+ 20. fxg4 Qh4+ 21. Ke2 Bxg4+
22. Kd2 Bf3 23. Kc3 Bxh1 24. Rxh1 Qh3 25. Qe2 Ng3 26. Qf3 Nxe4+ 27. Bxe4 Qxf3
28. Bxf3 f5 29. h4 f4 30. Bd2 Rf6 31. Rg1 Rh6 32. h5 Rf6 33. Kd3 Re8 34. Nxb6
e4+ 35. Bxe4 f3 36. Rf1 f2 37. Be3 h6 38. Rxf2 Rxf2 39. Bxf2 Rf8 40. Ke3 Re8
41. Bg3 Rf8 42. Bxd6 Rf1 43. Bf3 Rb1 44. a4 Rg1 45. Bxc5 Rg5 46. Bd4 g6 47.
hxg6 Rxg6 48. c5 Kf8 49. c6 Rg8 50. c7 Ke7 51. c8=Q Rxc8 52. Nxc8+ Kd7 53. Nb6+
Kd6 54. Nc4+ Kd7 55. Nxa5 h5 56. Bxh5 Kd6 57. Bf3 Kc7 58. b6+ Kb8 59. d6 Kc8
60. Be5 Kd8 61. d7 Kxd7 62. b7 Ke6 63. Ke4 Kd7 64. b8=Q Ke7 65. Qd6+ Ke8 66.
Bh5# 1-0

[Event "Veterans Bdr 2016"]
[Site "Aubagne"]
[Date "2016.12.05"]
[Round "2.16"]
[White "Ulloa, Philippe"]
[Black "Person, Claude"]
[Result "1-0"]
[WhiteElo "1351"]
[BlackElo "1236"]
[PlyCount "131"]
[EventDate "2016.??.??"]

1. d4 e6 2. a3 d5 3. c4 h6 4. Nc3 Nf6 5. Nf3 c6 6. Qc2 Nbd7 7. e4 dxe4 8. Nxe4
Nxe4 9. Qxe4 Nf6 10. Qc2 Be7 11. Bd3 Qb6 12. O-O c5 13. Be3 Ng4 14. Bf4 cxd4
15. h3 g5 16. Bg3 Nf6 17. b4 Qd8 18. Be5 Rf8 19. Bxd4 a5 20. c5 Bd7 21. Ne5 Bc6
22. Bc3 axb4 23. Bxb4 Ba4 24. Qc1 Nd5 25. Rb1 Qc7 26. Nc4 Bxc5 27. Bxc5 Qxc5
28. Rxb7 Bc6 29. Rb1 Ke7 30. Qd2 Nf4 31. Ne3 Nxd3 32. Qxd3 Rfd8 33. Qh7 Rh8 34.
Qg7 Rag8 35. Qb2 Bd7 36. Rfc1 Qa7 37. Qb4+ Kf6 38. Ng4+ Kg7 39. Qb2+ Kf8 40.
Nf6 Rg6 41. Nxd7+ Qxd7 42. Qxh8+ Ke7 43. Qb8 Kf6 44. Qh8+ Kf5 45. Rc5+ Qd5 46.
Rxd5+ exd5 47. Re1 Re6 48. Rxe6 fxe6 49. Qxh6 d4 50. g4+ Ke4 51. Qxe6+ Kd3 52.
Qf5+ Kc3 53. Qxg5 d3 54. Qc1+ Kd4 55. Qd2 Kc4 56. Qb4+ Kd5 57. Kf1 Ke5 58. f3
Kd5 59. Qe4+ Kc5 60. Qxd3 Kc6 61. Qf5 Kb6 62. a4 Kb7 63. Qe6 Kc7 64. a5 Kb8 65.
Qd7 Ka8 66. a6 1-0

[Event "Veterans Bdr 2016"]
[Site "Aubagne"]
[Date "2016.12.05"]
[Round "2.17"]
[White "Pietrac, Christian"]
[Black "Roman, Sylvian"]
[Result "1/2-1/2"]
[WhiteElo "1201"]
[BlackElo "1323"]
[PlyCount "150"]
[EventDate "2016.??.??"]

1. Nf3 d5 2. d4 Nf6 3. Nbd2 e6 4. g3 c5 5. c3 Be7 6. Bg2 O-O 7. O-O b6 8. Re1
Bb7 9. Ne5 Nbd7 10. e4 Nxe5 11. dxe5 Nd7 12. exd5 Bxd5 13. Bxd5 exd5 14. Qg4 f5
15. Qh5 g6 16. Qh6 Bg5 17. Qh3 Re8 18. Nf3 Bxc1 19. Raxc1 Kg7 20. Rc2 Nf8 21.
Nh4 Qg5 22. f4 Qd8 23. Nf3 Ne6 24. Qg2 Rc8 25. h4 h5 26. Rce2 Rc7 27. Ng5 Rd7
28. Rd1 Nc7 29. Rdd2 Ne6 30. c4 d4 31. Rd3 Nxg5 32. hxg5 Re6 33. a3 Qc7 34. Rc2
Qb7 35. Qxb7 Rxb7 36. Kf1 Kg8 37. Ke1 Rh7 38. Rh2 a6 39. b4 Rc7 40. Rb2 Kf7 41.
Kd1 Ke7 42. Kc2 Kd7 43. Kb1 Kc6 44. b5+ axb5 45. Rxb5 Ra7 46. Kb2 Ra6 47. Kb3
Re7 48. Ka2 Re6 49. Kb3 Kd7 50. Ka2 Rc6 51. Rb2 Ke6 52. Kb3 Rc7 53. a4 Rca7 54.
Ra2 Rc7 55. Ra3 Rca7 56. Rd1 Rd7 57. Kc2 Rda7 58. Rda1 Ra5 59. Kd3 R5a6 60.
R1a2 Rc7 61. Rc2 Rca7 62. Rca2 Rc7 63. Ra1 Rca7 64. R3a2 Rc7 65. Rb1 Rc6 66.
Rba1 Ra5 67. Rb1 Ra6 68. Rb5 Kd7 69. a5 Ke6 70. Ra4 Ke7 71. Rb3 Ke6 72. Rba3
Ke7 73. Kc2 Ke6 74. Kd3 Ke7 75. Kc2 Ke6 1/2-1/2

[Event "Veterans Bdr 2016"]
[Site "Aubagne"]
[Date "2016.12.05"]
[Round "3.1"]
[White "Graells, Christian"]
[Black "Kleitz, Michel"]
[Result "0-1"]
[WhiteElo "1611"]
[BlackElo "1786"]
[PlyCount "90"]
[EventDate "2016.??.??"]

1. e4 c5 2. Nf3 d6 3. d4 cxd4 4. Nxd4 Nf6 5. Nc3 a6 6. Bd3 Qb6 7. Nce2 e5 8.
Nb3 Be7 9. Be3 Qc6 10. f3 Be6 11. O-O O-O 12. Rc1 Nbd7 13. c4 Rac8 14. Nd2 a5
15. b3 Nc5 16. Bb1 Nfd7 17. Qc2 f5 18. Nc3 f4 19. Nd5 Bg5 20. Bf2 b6 21. a4 Qb7
22. b4 axb4 23. Nxb4 Ra8 24. Nd5 Rxa4 25. Nb3 Rfa8 26. h4 Bd8 27. Rfd1 Qc6 28.
Rd2 Nb7 29. Nd4 exd4 30. e5 g6 31. h5 Bf5 32. Qd1 Bxb1 33. Rxb1 dxe5 34. hxg6
hxg6 35. Qc2 Rxc4 36. Qe4 Kf7 37. Rdd1 Nbc5 38. Qe1 Qxd5 39. Rb5 Qc6 40. Rb2
Na4 41. Ra2 b5 42. Qd2 Ba5 43. Qd3 Nc3 44. Rdd2 Nxa2 45. Rxa2 Rc1+ 0-1

[Event "Veterans Bdr 2016"]
[Site "Aubagne"]
[Date "2016.12.05"]
[Round "3.2"]
[White "Battaglia, Gerard"]
[Black "Perdiolat, Francis"]
[Result "1-0"]
[WhiteElo "1760"]
[BlackElo "1407"]
[PlyCount "25"]
[EventDate "2016.??.??"]

1. d4 Nf6 2. Bg5 e6 3. e4 h6 4. Bxf6 Qxf6 5. Nf3 d5 6. e5 Qe7 7. Bd3 Qb4+ 8.
Nbd2 Qxb2 9. O-O Bb4 10. Rb1 Qa3 11. Rb3 Qa4 12. c3 Be7 13. Bb5+ 1-0

[Event "Veterans Bdr 2016"]
[Site "Aubagne"]
[Date "2016.12.05"]
[Round "3.3"]
[White "Quet, Jean-Francois"]
[Black "Hunault, Francis"]
[Result "0-1"]
[WhiteElo "1730"]
[BlackElo "1358"]
[PlyCount "140"]
[EventDate "2016.??.??"]

1. d4 Nf6 2. c4 e6 3. Nf3 c5 4. Nc3 cxd4 5. Qxd4 Nc6 6. Qd1 Bc5 7. e3 O-O 8.
Be2 b6 9. O-O Bb7 10. b3 a6 11. Bb2 Qc7 12. Na4 Be7 13. Rc1 Rad8 14. Nd4 d5 15.
cxd5 Rxd5 16. Bf3 Rfd8 17. Bxd5 Rxd5 18. Qc2 Ng4 19. g3 Nge5 20. f4 Ng4 21.
Rfe1 Bc5 22. Nxc5 Rxc5 23. Qe2 Nxd4 24. exd4 Qc6 25. Qe4 Qxe4 26. Rxe4 Rxc1+
27. Bxc1 Bxe4 28. b4 b5 29. h3 Nf6 30. Kf2 Nd5 31. Bd2 f5 32. g4 h6 33. g5 hxg5
34. fxg5 Kf7 35. a3 Kg6 36. Kg3 Kh5 37. Bc1 Nb6 38. h4 Nc4 39. Kh3 g6 40. Kg3
e5 41. dxe5 Nxe5 42. Bd2 Nf3 43. Bc3 Nxh4 44. Bf6 Nf3 45. Kf4 Kh4 46. Bc3 Nxg5
47. Bf6 Kh5 48. Bxg5 Bc2 49. Bf6 Kh6 50. Bg5+ Kg7 51. Ke5 Kf7 52. Kd6 Be4 53.
Kc7 Ke6 54. Kb6 Ke5 55. Kxa6 Bd3 56. Ka5 f4 57. a4 bxa4 58. Kxa4 f3 59. Be3 Kf5
60. b5 Bxb5+ 61. Kxb5 Ke4 62. Bf2 Kd3 63. Kc5 Ke4 64. Kc4 g5 65. Kc3 g4 66. Kd2
Kf4 67. Be3+ Kg3 68. Ke1 Kg2 69. Bf2 g3 70. Bxg3 Kxg3 0-1

[Event "Veterans Bdr 2016"]
[Site "Aubagne"]
[Date "2016.12.05"]
[Round "3.4"]
[White "Thiers, Jean-Jacques"]
[Black "Reynaud, Jacques"]
[Result "0-1"]
[WhiteElo "1726"]
[BlackElo "1315"]
[PlyCount "74"]
[EventDate "2016.??.??"]

1. d4 Nf6 2. c4 c6 3. Nc3 d5 4. b3 g6 5. Bf4 a6 6. f3 Bg7 7. e3 O-O 8. Bd3 Nh5
9. Nge2 Be6 10. Qc2 b5 11. c5 f5 12. O-O Nd7 13. h3 Bf7 14. Bh2 e5 15. Kh1 Re8
16. dxe5 Bxe5 17. Bxe5 Rxe5 18. b4 Qh4 19. Qd2 Rae8 20. Nd1 f4 21. Qe1 Qxe1 22.
Rxe1 fxe3 23. Kh2 g5 24. Nd4 Nb8 25. g3 Nf6 26. Nc3 h5 27. a4 Kg7 28. axb5 axb5
29. Ra7 g4 30. Nf5+ Rxf5 31. Bxf5 gxf3 32. Bd3 Ng4+ 33. hxg4 hxg4 34. Ra2 d4
35. Nxb5 Bxa2 36. Nxd4 Rh8+ 37. Kg1 f2+ 0-1

[Event "Veterans Bdr 2016"]
[Site "Aubagne"]
[Date "2016.12.05"]
[Round "3.5"]
[White "Roche, Alain"]
[Black "Derien, Robert"]
[Result "0-1"]
[WhiteElo "1337"]
[BlackElo "1633"]
[PlyCount "65"]
[EventDate "2016.??.??"]

1. e4 d5 2. exd5 Qxd5 3. Nc3 Qa5 4. Bc4 Nf6 5. Nf3 Bg4 6. d4 e6 7. O-O Be7 8.
Nb5 c6 9. Bd2 Qd8 10. Nc3 O-O 11. Be3 Nd5 12. Bd3 Nxe3 13. fxe3 Nd7 14. h3 Bh5
15. Be2 Nf6 16. Qe1 Bg6 17. Bd3 Bxd3 18. cxd3 Nd5 19. e4 Nb4 20. Qe2 c5 21. a3
cxd4 22. Nb5 Nc6 23. b4 a6 24. a4 axb5 25. axb5 Rxa1 26. Rxa1 Nxb4 27. Nd2 Nc2
28. Rb1 b6 29. Nc4 Ne3 30. Ra1 Nxc4 31. dxc4 d3 32. Qf3 Qd4+ 33. Kh1 0-1

[Event "Veterans Bdr 2016"]
[Site "Aubagne"]
[Date "2016.12.05"]
[Round "3.6"]
[White "Vialette, Eric"]
[Black "Kauder, Wilfried"]
[Result "1-0"]
[WhiteElo "1618"]
[BlackElo "1399"]
[PlyCount "39"]
[EventDate "2016.??.??"]

1. e4 e5 2. Nc3 Nf6 3. f4 d5 4. fxe5 Nxe4 5. Nf3 Bg4 6. Bb5+ c6 7. Be2 Bb4 8.
O-O Bxf3 9. Bxf3 Nxc3 10. bxc3 Be7 11. d4 O-O 12. Be2 Nd7 13. Bd3 g6 14. Bh6 f5
15. Bxf8 Nxf8 16. Qf3 Ne6 17. g3 c5 18. c4 cxd4 19. Qxd5 Qxd5 20. cxd5 1-0

[Event "Veterans Bdr 2016"]
[Site "Aubagne"]
[Date "2016.12.05"]
[Round "3.7"]
[White "Corrias, Robert"]
[Black "San-Nicolas, Robert"]
[Result "1-0"]
[WhiteElo "1596"]
[BlackElo "1371"]
[PlyCount "63"]
[EventDate "2016.??.??"]

1. e4 e6 2. d4 d5 3. Nc3 Bb4 4. e5 c5 5. Nf3 Nc6 6. Be3 Qb6 7. Be2 Nge7 8. O-O
Nf5 9. Na4 Qc7 10. c3 cxd4 11. Bxd4 Ncxd4 12. Nxd4 Nxd4 13. Qxd4 Be7 14. Rac1
Bd7 15. b3 b5 16. Nb2 Bc5 17. Qf4 Ba3 18. Rc2 a6 19. Nd3 Be7 20. Ne1 f6 21. Nf3
fxe5 22. Qg3 O-O 23. Nxe5 Bd6 24. f4 Rf6 25. Bd3 Bxe5 26. fxe5 Rxf1+ 27. Kxf1
Rf8+ 28. Rf2 Rxf2+ 29. Kxf2 Qxc3 30. Bxh7+ Kxh7 31. Qxc3 Be8 32. Qc8 1-0

[Event "Veterans Bdr 2016"]
[Site "Aubagne"]
[Date "2016.12.05"]
[Round "3.8"]
[White "Sage, Jean-Claude"]
[Black "Ulloa, Philippe"]
[Result "1-0"]
[WhiteElo "1580"]
[BlackElo "1351"]
[PlyCount "117"]
[EventDate "2016.??.??"]

1. e4 e5 2. Nc3 a6 3. Bc4 d6 4. h3 Nf6 5. Nf3 h6 6. d3 Be7 7. Be3 O-O 8. Qd2
Re8 9. g4 Nh7 10. Nd5 Bf8 11. g5 c6 12. Nb6 Be6 13. Nxa8 c5 14. gxh6 g6 15.
Bxe6 Rxe6 16. Ng5 Rf6 17. Nxh7 Kxh7 18. Bg5 Nd7 19. Bxf6 Nxf6 20. Qe2 Bxh6 21.
Qf3 Bg7 22. h4 Kg8 23. O-O-O Qxa8 24. h5 Bh6+ 25. Kb1 Nxh5 26. Rxh5 gxh5 27.
Qxh5 Qf8 28. Rh1 Kh7 29. Qf5+ Kg7 30. Rg1+ Kh8 31. b3 b5 32. Kb2 b4 33. Qf6+
Kh7 34. Rh1 a5 35. Rxh6+ Qxh6 36. Qxf7+ Kh8 37. Qe8+ Kg7 38. Qd7+ Kg8 39. Qd8+
Kf7 40. Qxa5 Qd2 41. Qc7+ Ke8 42. Qc8+ Ke7 43. Qb7+ Kd8 44. Qb6+ Kd7 45. Qb7+
Kd8 46. Qb8+ Kd7 47. Qb5+ Kc7 48. Qc4 Qxf2 49. a3 Qd4+ 50. Qxd4 bxa3+ 51. Kxa3
exd4 52. Ka4 Kb6 53. b4 Kc6 54. Ka5 cxb4 55. Kxb4 d5 56. exd5+ Kxd5 57. Kb5 Kd6
58. Kc4 Ke5 59. Kc5 1-0

[Event "Veterans Bdr 2016"]
[Site "Aubagne"]
[Date "2016.12.05"]
[Round "3.9"]
[White "Porte, Jacques"]
[Black "Alfaro, Michel"]
[Result "1-0"]
[WhiteElo "1345"]
[BlackElo "1580"]
[PlyCount "72"]
[EventDate "2016.??.??"]

1. d4 Nf6 2. Nf3 e6 3. c4 Bb4+ 4. Bd2 Bxd2+ 5. Nbxd2 c5 6. e3 cxd4 7. Nxd4 b6
8. Bd3 Bb7 9. O-O O-O 10. N4f3 d5 11. cxd5 Bxd5 12. e4 Bb7 13. Qc2 Ba6 14. Bxa6
Nxa6 15. Rad1 Qe7 16. a3 Rac8 17. Qb1 Nc5 18. b4 Na4 19. Rde1 Nc3 20. Qb3 Rfd8
21. Re3 Nb5 22. h3 Nd4 23. Nxd4 Rxd4 24. Rd3 Rcd8 25. Rxd4 Rxd4 26. Qc3 Qd7 27.
Nf3 Rd3 28. Qc1 Qe8 29. Ne5 Rd6 30. f3 h6 31. Qc7 Rd2 32. Qxa7 Nh5 33. Qxb6 Nf4
34. Rf2 Rd1+ 35. Kh2 f6 36. Ng4 Qh5 1-0

[Event "Veterans Bdr 2016"]
[Site "Aubagne"]
[Date "2016.12.05"]
[Round "3.10"]
[White "Blondelon, Claude"]
[Black "Lassalle, Marc"]
[Result "0-1"]
[WhiteElo "1315"]
[BlackElo "1480"]
[PlyCount "49"]
[EventDate "2016.??.??"]

1. d4 Nf6 2. c4 c5 3. d5 b5 4. e3 g6 5. Nf3 Bg7 6. Nc3 b4 7. Ne2 O-O 8. Ng3 d6
9. Bd3 Nbd7 10. Rb1 Ne5 11. Nxe5 dxe5 12. e4 a5 13. b3 Bd7 14. O-O a4 15. Be3
Qc7 16. bxa4 Rxa4 17. Bc2 Rxa2 18. Bb3 Ra6 19. Qe2 Rfa8 20. h3 h5 21. Rfd1 h4
22. Nf1 Nxe4 23. Bxc5 Nxc5 24. Qd2 Ne4 25. Qg5 0-1

[Event "Veterans Bdr 2016"]
[Site "Aubagne"]
[Date "2016.12.05"]
[Round "3.11"]
[White "Frontera, Pierre"]
[Black "Vicari-Vento, Salvatore"]
[Result "1-0"]
[WhiteElo "1230"]
[BlackElo "1477"]
[PlyCount "125"]
[EventDate "2016.??.??"]

1. e4 c5 2. Nf3 d6 3. Nc3 Nf6 4. d4 cxd4 5. Nxd4 a6 6. Be2 Nc6 7. Nxc6 bxc6 8.
O-O e5 9. Bf3 Be7 10. Be3 O-O 11. Rb1 Bb7 12. b4 d5 13. Bc5 d4 14. Bxe7 Qxe7
15. Na4 Nd7 16. c4 dxc3 17. Nxc3 Nb6 18. Qe2 Rad8 19. a3 Qe6 20. Bg4 Qc4 21.
Rbc1 Qxe2 22. Bxe2 Nd7 23. f3 Nf6 24. Na4 Nh5 25. g3 Nf6 26. Nc5 Bc8 27. Nxa6
Bxa6 28. Bxa6 Ra8 29. Rxc6 Nd7 30. b5 Nb8 31. Rd6 f6 32. Rfd1 Nxa6 33. bxa6 Kf7
34. Rd7+ Kg6 35. R1d6 Rf7 36. Rxf7 Kxf7 37. Rd7+ Kg8 38. h4 h6 39. h5 Kh7 40.
Kh2 Rc8 41. Kh3 Ra8 42. Kg4 Kg8 43. Kf5 Kh7 44. f4 Re8 45. Rb7 Ra8 46. fxe5
fxe5 47. Kxe5 Re8+ 48. Kf4 Rf8+ 49. Ke3 Ra8 50. e5 Rc8 51. Ke4 Rc4+ 52. Kf5 Ra4
53. Ke6 Rxa3 54. g4 Ra5 55. Kf5 Ra4 56. Re7 Rxa6 57. Rd7 Ra5 58. Ke6 Ra6+ 59.
Kf7 Ra4 60. Kf8 Rf4+ 61. Rf7 Ra4 62. Rxg7+ Kh8 63. Rd7 1-0

[Event "Veterans Bdr 2016"]
[Site "Aubagne"]
[Date "2016.12.05"]
[Round "3.12"]
[White "Masson, Wally"]
[Black "Amoros, Jean"]
[Result "1/2-1/2"]
[WhiteElo "1183"]
[BlackElo "1483"]
[PlyCount "60"]
[EventDate "2016.??.??"]

1. e4 d5 2. Nc3 d4 3. Nb1 e5 4. d3 Nf6 5. Nf3 Nc6 6. Be2 Be6 7. O-O Qd7 8. c3
O-O-O 9. Ng5 h6 10. Nxe6 fxe6 11. c4 Be7 12. Nd2 h5 13. h3 g5 14. Nb3 g4 15. h4
g3 16. fxg3 Ng4 17. Bxg4 hxg4 18. Qxg4 Rdg8 19. Qh3 Nb4 20. Rf2 Nxd3 21. Rf7
Rg6 22. Bd2 Rhg8 23. Bg5 Rxg5 24. hxg5 Nxb2 25. Qh7 Re8 26. Raf1 Nxc4 27. g6 d3
28. g7 b6 29. g8=Q Rxg8 30. Qxg8+ Kb7 1/2-1/2

[Event "Veterans Bdr 2016"]
[Site "Aubagne"]
[Date "2016.12.05"]
[Round "3.13"]
[White "Veith, Irene"]
[Black "Rouaud, Robert"]
[Result "0-1"]
[WhiteElo "1123"]
[BlackElo "1442"]
[PlyCount "106"]
[EventDate "2016.??.??"]

1. e4 d6 2. d4 Nf6 3. Nc3 Nc6 4. h3 e6 5. Nf3 h6 6. Be3 Be7 7. a3 a6 8. Bc4 b5
9. Ba2 Bb7 10. d5 exd5 11. exd5 Ne5 12. b4 Nfd7 13. Nd4 Bf6 14. Nc6 Nxc6 15.
Qd2 Nce5 16. O-O O-O 17. f4 Ng6 18. Rae1 Bh4 19. Bf2 Bxf2+ 20. Qxf2 Nf6 21. f5
Ne5 22. Re3 Nc4 23. Bxc4 bxc4 24. Qd2 Qd7 25. Qd4 Rae8 26. Ref3 Re5 27. Qxc4
Nxd5 28. Rg3 Ne3 29. Rxe3 Rxe3 30. Nd5 Bxd5 31. Qxd5 Re5 32. Qf3 f6 33. g4 Rfe8
34. h4 Re1 35. g5 Rxf1+ 36. Kxf1 hxg5 37. hxg5 Qb5+ 38. Kf2 fxg5 39. Qb3+ Kf8
40. Qf3 Qe5 41. Kg2 Qe2+ 42. Kg3 Qxf3+ 43. Kxf3 Kf7 44. Kg4 Kf6 45. c4 g6 46.
fxg6 Kxg6 47. c5 d5 48. a4 Re4+ 49. Kf3 Rxb4 50. a5 Re4 51. Kf2 Kf5 52. c6 d4
53. Kf3 d3 0-1

[Event "Veterans Bdr 2016"]
[Site "Aubagne"]
[Date "2016.12.05"]
[Round "3.14"]
[White "Roman, Sylvian"]
[Black "Marku, Demeter"]
[Result "0-1"]
[WhiteElo "1323"]
[BlackElo "1595"]
[PlyCount "54"]
[EventDate "2016.??.??"]

1. e4 e5 2. Nf3 Nc6 3. Bb5 d6 4. O-O Bd7 5. c3 Nf6 6. Re1 a6 7. Ba4 b5 8. Bc2
Be7 9. d4 exd4 10. Nxd4 O-O 11. Nd2 Ne5 12. N4f3 Bg4 13. b3 Qd7 14. Bb2 Qe6 15.
Nd4 Bxd1 16. Nxe6 Bxc2 17. Nxf8 Nd3 18. Rac1 Nxe1 19. Rxe1 Bxf8 20. c4 Nd7 21.
Rc1 Bd3 22. Re1 Re8 23. Bd4 c5 24. Bb2 f5 25. f3 fxe4 26. Nxe4 Bxe4 27. Kf2 Bg6
0-1

[Event "Veterans Bdr 2016"]
[Site "Aubagne"]
[Date "2016.12.05"]
[Round "3.15"]
[White "Souesme, Gerard"]
[Black "Pietrac, Christian"]
[Result "1-0"]
[WhiteElo "1433"]
[BlackElo "1201"]
[PlyCount "125"]
[EventDate "2016.??.??"]

1. e4 Nc6 2. d4 e6 3. c3 b6 4. Be3 Bb7 5. Bd3 g6 6. Nd2 Nf6 7. Ngf3 d6 8. h3
Bg7 9. Rc1 Qe7 10. c4 h5 11. Bg5 O-O-O 12. Qc2 Nb4 13. Qb1 Nxd3+ 14. Qxd3 Bh6
15. Bxh6 Rxh6 16. Qe3 Rdh8 17. Qg5 Qd8 18. e5 Ne4 19. Qxd8+ Kxd8 20. Nxe4 Bxe4
21. Ng5 Bxg2 22. Rg1 Ke7 23. Rxg2 h4 24. Rc3 Rh5 25. Rf3 Rf8 26. Ne4 dxe5 27.
dxe5 Rxe5 28. Re3 Rd8 29. Rg5 Rxg5 30. Nxg5 Rd6 31. Re4 f6 32. Nf3 g5 33. Rd4
Rc6 34. b3 Rc5 35. a4 Rf5 36. Ke2 c5 37. Rd3 e5 38. Re3 Ke6 39. Nh2 Rf4 40. f3
f5 41. Rd3 e4 42. fxe4 Rxe4+ 43. Re3 Ke5 44. Nf3+ Kf4 45. Rxe4+ fxe4 46. Nd2 g4
47. hxg4 Kxg4 48. Nxe4 h3 49. Nf2+ Kg3 50. Nxh3 Kxh3 51. Kf3 Kh2 52. Ke4 Kg2
53. Kd5 Kf3 54. Kc6 Ke3 55. Kb7 Kd3 56. Kxa7 Kc3 57. Kxb6 Kxb3 58. Kxc5 Kxa4
59. Kd6 Ka5 60. c5 Ka6 61. c6 Ka7 62. c7 Kb7 63. Kd7 1-0

[Event "Veterans Bdr 2016"]
[Site "Aubagne"]
[Date "2016.12.05"]
[Round "3.16"]
[White "Le Gall, Louis"]
[Black "Autouard, Jean-Luc"]
[Result "1-0"]
[WhiteElo "1474"]
[BlackElo "1378"]
[PlyCount "130"]
[EventDate "2016.??.??"]

1. e4 c5 2. c3 d6 3. d4 cxd4 4. cxd4 e6 5. Nf3 Be7 6. Nc3 a6 7. Be3 Nc6 8. Bd3
Bd7 9. e5 d5 10. Rc1 f6 11. O-O Bb4 12. a3 Ba5 13. b4 Bc7 14. Bf4 Nxd4 15. Nxd4
fxe5 16. Qh5+ Kf8 17. Bxe5 Nf6 18. Bxf6 Qxf6 19. Qf3 Qxf3 20. gxf3 Be5 21. Nde2
Ke7 22. f4 Bd6 23. Rfe1 Bc6 24. Nd4 Bxf4 25. Rxe6+ Kd7 26. Rce1 Rae8 27. Rxe8
Rxe8 28. Rxe8 Kxe8 29. Bxh7 Bd7 30. Kg2 Be5 31. Nce2 Kf7 32. Bd3 g5 33. Nf3 Bf6
34. Ned4 g4 35. Bf5 gxf3+ 36. Kxf3 Bxf5 37. Nxf5 Ke6 38. Ne3 Be5 39. h3 b5 40.
Nc2 Kf5 41. Ke3 Ke6 42. Nd4+ Kf6 43. f4 Bd6 44. h4 Kg6 45. f5+ Kh5 46. Nf3 Kg4
47. f6 Bf4+ 48. Ke2 Bh6 49. Nd4 Kf4 50. Kd3 Ke5 51. f7 Kf6 52. Nf3 Kxf7 53. Kd4
Ke6 54. Ng5+ Kf5 55. Kxd5 Kg4 56. Kc6 Kxh4 57. Nf3+ Kg3 58. Nd4 Bc1 59. Nc2 Kf3
60. Kb6 Ke2 61. Kxa6 Kd2 62. Kxb5 Kxc2 63. a4 Kb3 64. a5 Bd2 65. a6 Bxb4 1-0

[Event "Veterans Bdr 2016"]
[Site "Aubagne"]
[Date "2016.12.05"]
[Round "3.17"]
[White "Moerenhout, Jean Claude"]
[Black "Cotton, Paul"]
[Result "0-1"]
[WhiteElo "1278"]
[BlackElo "1454"]
[PlyCount "133"]
[EventDate "2016.??.??"]

1. d4 Nf6 2. Nf3 g6 3. c4 Bg7 4. Nc3 d6 5. Bg5 O-O 6. Qd2 Re8 7. Bh6 Bh8 8. Ng5
Nbd7 9. h3 c5 10. e3 b6 11. Bd3 Bb7 12. O-O a6 13. a4 Rc8 14. d5 e6 15. e4 Rc7
16. dxe6 fxe6 17. Rfe1 Ne5 18. Be2 Nf7 19. Nxf7 Rxf7 20. Bd3 Nd7 21. b3 Ne5 22.
Bc2 Qe7 23. Rad1 Rd8 24. Ne2 Bg7 25. Ng3 Rdf8 26. Bxg7 Kxg7 27. Rf1 Nc6 28.
Qc3+ e5 29. Rd3 Nd4 30. Bd1 h5 31. Bxh5 gxh5 32. Nxh5+ Kh8 33. Qd2 Rg8 34. Rg3
Rxg3 35. Nxg3 Rg7 36. Kh2 Qf7 37. f3 Qg6 38. Qf2 Ne6 39. Nf5 Rh7 40. Nxd6 Qg5
41. Nxb7 Rxb7 42. Rd1 Nd4 43. Qg3 Qxg3+ 44. Kxg3 Rd7 45. Rb1 Ne2+ 46. Kf2 Rd2
47. Ke3 Nc3 48. Kxd2 Nxb1+ 49. Kc2 Na3+ 50. Kc3 b5 51. cxb5 axb5 52. axb5 Nxb5+
53. Kc4 Nd4 54. h4 Kg7 55. Kxc5 Nxb3+ 56. Kd5 Kf6 57. h5 Nd4 58. h6 Ne6 59. h7
Nf4+ 60. Kd6 Ng6 61. g3 Kg7 62. h8=Q+ Kxh8 63. f4 exf4 64. gxf4 Nxf4 65. Ke5
Ng6+ 66. Kf6 Kh7 67. Kf5 0-1

[Event "Veterans Bdr 2016"]
[Site "Aubagne"]
[Date "2016.05.26"]
[Round "4.1"]
[White "Kleitz, Michel"]
[Black "Hunault, Francis"]
[Result "1-0"]
[WhiteElo "1786"]
[BlackElo "1358"]
[PlyCount "22"]
[EventDate "2016.??.??"]

1. d4 Nf6 2. c4 e6 3. Nc3 c5 4. d5 a6 5. a4 Be7 6. e4 O-O 7. d6 Bxd6 8. Qxd6
Nc6 9. Qxc5 d6 10. Qe3 Ng4 11. Qg3 Qf6 1-0